000 00963nam a2200289 a 4500
001 29190
003 BD-RjUL
005 20211209051401.0
008 140402s1983 ii b 001 0beng
035 _a(BD-RjUL)
040 _aLC
_beng
_cLC
_dANL
_dBD-RjUL
041 _aeng
082 0 4 _a954.0350924
_219
_bPAJ 1983
100 1 _aPal, J. J.
_989115
245 1 0 _aJinnah and the creation of Pakistan /
_cJ.J. Pal.
250 _a1st ed.
260 _aDelhi :
_bSidhuram Publications,
_bSole distributors, Usha Book Distributors,
_c1983.
300 _aviii, 172 p. ;
_c23 cm.
504 _aBibliography: p. [155]-167.and index.
600 1 0 _aJinnah, Mahomed Ali,
_d1876-1948.
_92879
650 0 _aPakistan movement.
_989116
650 0 _aStatesmen
_zPakistan
_xBiography.
_982195
651 0 _aIndia
_xPolitics and government
_y1857-1919.
_989117
651 0 _aIndia
_xPolitics and government
_y1919-1947.
_989118
942 _2ddc
_cBK
999 _c29190
_d29190